Southville International School and Colleges
Your cart is empty.
  • Cart
  • Lists
    Public lists Eva Luna New books Lux_list list_1
    Your lists Log in to create your own lists
  • Log in to your account
  • Your cookies
  • Search history
Southville International School and Colleges
  • Advanced search
  • Recent comments
  • Most popular
  • Libraries

Log in to your account

Log in with GOOGLE


If you do not have an external account, but do have a local account, you can still log in:

  1. Home
  2. MARC view: Secrets and other stories /
Normal view MARC view ISBD view

Secrets and other stories / (Record no. 20079)

[ view plain ]
MARC details
000 -LEADER
fixed length control field 00505nam a2200169 a 4500
005 - DATE AND TIME OF LATEST TRANSACTION
control field 20140310183209.0
008 - FIXED-LENGTH DATA ELEMENTS--GENERAL INFORMATION
fixed length control field 030423s19uu xx 00 eng d
020 ## - INTERNATIONAL STANDARD BOOK NUMBER
International Standard Book Number 0670630772
050 ## - LIBRARY OF CONGRESS CALL NUMBER
Classification number PR 6063.A2474
Item number .Se4 1984
100 ## - MAIN ENTRY--PERSONAL NAME
Personal name MacLaverty, Bernard
245 ## - TITLE STATEMENT
Title Secrets and other stories /
Statement of responsibility, etc Bernard MacLaverty.
260 ## - PUBLICATION, DISTRIBUTION, ETC. (IMPRINT)
Place of publication, distribution, etc USA :
Name of publisher, distributor, etc Viking Penguin Inc.,
Date of publication, distribution, etc 1984.
300 ## - PHYSICAL DESCRIPTION
Extent 130 p. :
Dimensions 20 cm.
650 ## - SUBJECT ADDED ENTRY--TOPICAL TERM
Topical term or geographic name as entry element Northern Ireland
General subdivision Social life and customs
-- fiction.
942 ## - ADDED ENTRY ELEMENTS (KOHA)
Koha item type Books
Source of classification or shelving scheme Library of Congress Classification
Holdings
Withdrawn status Lost status Source of classification or shelving scheme Damaged status Home library Current library Shelving location Date acquired Total Checkouts Full call number Barcode Date last seen Copy number Price effective from Koha item type
    Library of Congress Classification   College Library College Library Fiction Section 04/23/2003   PR 6063.A2474 .Se4 1984 C2077 05/08/2018 1 10/10/2013 Books

Secrets and other stories /

APA

MacLaverty B., . (1984). Secrets and other stories. USA: Viking Penguin Inc.

Chicago

MacLaverty Bernard, . 1984. Secrets and other stories. USA: Viking Penguin Inc.

Harvard

MacLaverty B., . (1984). Secrets and other stories. USA: Viking Penguin Inc.

MLA

MacLaverty Bernard, . Secrets and other stories. USA: Viking Penguin Inc. 1984.

  • Place hold
  • Print
  • Cite
  • Add to your cart (remove)
  • Save record
    BIBTEX Dublin Core MARCXML MARC (non-Unicode/MARC-8) MARC (Unicode/UTF-8) MARC (Unicode/UTF-8, Standard) MODS (XML) RIS
  • More searches
    Search for this title in:
    Other Libraries (WorldCat) Other Databases (Google Scholar) Online Stores (Bookfinder.com) Open Library (openlibrary.org)

Exporting to Dublin Core...

SOUTHVILLE LIBRARY

Southville International School and Colleges Library

1281 Tropical Ave. Cor. Luxembourg St., BF Homes International, Las Pinas City

Tel. No. 8256374 / 252358 Loc. 117/146

Powered by Koha